| 000 | 00859nam a2200265 i 4500 | ||
|---|---|---|---|
| 003 | DO-SdBNP | ||
| 005 | 20240627114717.0 | ||
| 007 | ta | ||
| 008 | 240625b2024 dr c|||| |||| 00| 0 spa d | ||
| 020 | _a9789945936629 | ||
| 040 |
_aDO*SdBNP _bspa _cBNPHU _erda |
||
| 082 | 4 |
_222 _aRD863.44 _bD483 |
|
| 245 | 0 | 0 |
_aDetrás de las máscaras : _bpoesía y narrativa / _cedición, Leibi Ng, Máxima Hernández |
| 264 |
_aSanto Domingo : _bMR & T, _c2024. |
||
| 300 |
_a127 páginas : _bretratos, _c22 cm. |
||
| 336 |
_2rdacontent _atexto _btxt |
||
| 337 |
_2rdamedia _asin mediación _bn |
||
| 338 |
_2rdacarrier _avolumen _bnc |
||
| 500 | _aMujeres de Roca y Tinta. Por un mundo de letra! | ||
| 590 | _aInventariado, 2024/BT | ||
| 700 | 1 |
_aNg, Leibi, _eedición _985783 |
|
| 700 | 1 |
_aHernández, Máxima, _eedición _985784 |
|
| 910 | _aBtavárez | ||
| 942 |
_2ddc _cLBS1 |
||
| 999 |
_c56962 _d56962 |
||